000 01014nam a22002297a 4500
999 _c5538
_d5538
005 20251125232801.0
008 s2539 th tha d
040 _aNALT
041 _atha
050 _aJQ1747 ล761ป 2539
086 _aสผ19 1.4 32832 2539
245 1 0 _aประวัติประธานและรองประธานสภาผู้แทนราษฎร ชุดที่ 1-19
260 3 _aกรุงเทพฯ :
_bหอสมุดรัฐสภา,
_c2539
300 _a101 หน้า :
_b ภาพประกอบ ;
_c 21 ซม.
650 0 4 _aประธานสภาผู้แทนราษฎร -- ประวัติ
650 0 4 _aรองประธานสภาผู้แทนราษฎร -- ประวัติ
650 0 4 _aสภาผู้แทนราษฎร -- ชุดที่ 1--19
850 _aNALT
856 4 0 _uhttps://hdl.handle.net/20.500.14156/336596
942 _cGB
_01
_2lcc